00361nam a22001097a 4500008004100000050002200041100003000063245007000093260002700163300001000190440005100200150519b xxu||||| |||| 00| 0 eng d aPL 8704 .Z36 1977 aZani, Zachariah, M.d1977 aKiswahili kwa Shule za Sekondari .Kitabu cha 2cZachariah M. Zani aKenyabHeinemannc1977 a141p. aKiswahili kwa Shule za Sekondari .Kitabu cha 2